The Impact of the Single European Market on Foreign Dicerct Investment in the United Kingdom /

Na minha lista:
Detalhes bibliográficos
Main Authors: Bachtler, John (Author), Clement, Keith (Author)
Formato: Livro
Idioma:inglês
Publicado em: London : HMSO, 1990
Assuntos:
Tags: Adicionar Tag
Sem tags, seja o primeiro a adicionar uma tag!

MARC

LEADER 00000nam a22000003a 4500
001 stu41201
005 20150617225719.5
008 931109s1990----uk------------------eng-d
020 |a 0-11-515252-0 
040 |a STU  |b slo 
041 0 |a eng 
044 |a uk 
080 |a 330.322  |7 stu_us_auth*stu5474 
080 |a 339.5 
100 1 |a Bachtler, John  |4 aut 
245 1 |a The Impact of the Single European Market on Foreign Dicerct Investment in the United Kingdom /  |c [aut.]John Bachtler, Keith Clement 
260 |a London :  |b HMSO,  |c 1990 
300 |a 31 s 
650 7 |a investície  |2 stusub 
650 7 |a Obchod zahraničný  |2 stusub 
700 1 |a Clement, Keith  |4 aut 
996 |b M 26977  |c M*8348-1  |l MMKN  |s A  |a 24  |w stu41201_0001